Sports Quiz

Random Sports or NBA Quiz

NBA players who scored 20+ field goals (since 2000-01) Quiz Stats

 Plays Quiz not verified by Sporcle

Challenge
Share
Tweet
Embed
Score 0/21 Timer 03:00
0 Plays Today
Team Player % Correct
Los Angeles LakersKobe Bryant
100%
Philadelphia 76ersAllen Iverson
98.4%
Orlando MagicTracy McGrady
96.5%
Miami HeatLeBron James
93.6%
New York KnicksCarmelo Anthony
90.4%
San Antonio SpursTony Parker
88.8%
Washington WizardsGilbert Arenas
88.8%
Los Angeles LakersShaquille O'neal
88%
Phoenix SunsAmar'e Stoudemire
85.1%
Golden State WarriorsAntawn Jamison
72.3%
Milwaukee BucksBrandon Jennings
70.1%
Team Player % Correct
Sacramento KingsChris Webber
68.5%
Detroit PistonsJerry Stackhouse
62.4%
New York KnicksJamal Crawford
41.6%
Washington WizardsMichael Jordan
41.1%
Portland Trail BlazersDamon Stoudamire
40.8%
Atlanta HawksShaaref Abdur-Rahim
35.7%
Portland Trail BlazersAndre Miller
28%
Phoenix SunsTony Delk
19.7%
Houston RocketsLuis Scola
9.9%
Toronto RaptorsCharlie Villanueva
4%

You're not logged in!

Compare scores with friends on all Sporcle quizzes.
Join for Free
OR
Log In

You Might Also Like...

Show Comments

Extras

Created Jan 21, 2015ReportFavoriteNominate
Tags:NBA Quiz

Top Quizzes Today


Score Distribution

Your Account Isn't Verified!

In order to create a playlist on Sporcle, you need to verify the email address you used during registration. Go to your Sporcle Settings to finish the process.

Report this User

Report this user for behavior that violates our Community Guidelines.

Details: